Statistics for Maya Hawke - Menace (Lyrics)

Click here to take the quiz!

General Stats

  • This quiz has been taken 4 times
  • The average score is 216 of 248

Answer Stats

Answer% Correct
a
100%
adore
100%
An
100%
and
100%
And
100%
anymore
100%
be
100%
But
100%
by
100%
catch
100%
could
100%
don't
100%
eye
100%
eye,
100%
for?
100%
for
100%
good
100%
I
100%
I'll
100%
in
100%
into
100%
make
100%
me
100%
menace
100%
my
100%
pass
100%
So
100%
someone
100%
The
100%
the
100%
to
100%
To
100%
try
100%
wandering
100%
wanna
100%
watch
100%
What
100%
will
100%
you
100%
You
100%
All
75%
As
75%
as
75%
away
75%
behave
75%
choosing
75%
concession
75%
creeping
75%
dangerous
75%
Everybody
75%
forever
75%
gaze
75%
Here
75%
impressions
75%
It's
75%
I've
75%
Like
75%
made
75%
news
75%
old
75%
rain
75%
really
75%
regressions
75%
roses
75%
small
75%
That
75%
Turn
75%
understand
75%
want
75%
you'd
75%
always
50%
"Always"
50%
always,
50%
answer's
50%
ask
50%
attention
50%
calls
50%
'Cause
50%
comparison
50%
Covertly
50%
encore
50%
hand
50%
is
50%
lasts
50%
long
50%
lover
50%
loves
50%
loving
50%
of
50%
painful
50%
pale
50%
past
50%
Relieve
50%
short
50%
shouldn't
50%
strangers
50%
they're
50%
'Til
50%
Well,
50%
No,
0%

Score Distribution

Percentile by Number Answered

Percent of People with Each Score

Your Score History

You have not taken this quiz